Original pronouncements (Record no. 52937)

MARC details
000 -LEADER
fixed length control field 00524nam a2200145 a 4500
008 - FIXED-LENGTH DATA ELEMENTS--GENERAL INFORMATION
fixed length control field 120416s0000 ||||||||||||||||| || u
020 ## - INTERNATIONAL STANDARD BOOK NUMBER
International Standard Book Number 0256094160
050 ## - LIBRARY OF CONGRESS CALL NUMBER
Classification number HF 5635 Fin
245 10 - TITLE STATEMENT
Title Original pronouncements
246 ## - VARYING FORM OF TITLE
Title proper/short title accounting standards as of June 1, 1990, vol. 11
260 ## - PUBLICATION, DISTRIBUTION, ETC.
Place of publication, distribution, etc. Homewood, Ill.
Name of publisher, distributor, etc. Irwin
Date of publication, distribution, etc. 1990
300 ## - PHYSICAL DESCRIPTION
Extent v, 1531p. : ill
350 ## - PRICE (NR) (BK AM CF MU VM SE) [OBSOLETE]
Price 0.00
995 ## - RECOMMENDATION 995 [LOCAL, UNIMARC FRANCE]
-- 0.00
-- CBU-MAIN LIBRARY (Kitwe)
-- 1
-- 33.95
-- AVAILABLE
-- Annex Low-Usage Collection
Holdings
Withdrawn status Lost status Source of classification or shelving scheme Damaged status Not for loan Home library Current library Shelving location Date acquired Total Checkouts Full call number Barcode Date last seen Price effective from Koha item type
          CBU-MAIN LIBRARY, KITWE. CBU-MAIN LIBRARY, KITWE.   11/30/2022   HF 5635 Fin 005470 11/30/2022 11/30/2022 MONOGRAPH